[Event "EGY-chT"]
[Site "Egypt"]
[Date "2016.05.05"]
[Round "1.5"]
[White "Essam Eldin, Moamen"]
[Black "Shalaby, Ahmed"]
[Result "0-1"]
[WhiteElo "2089"]
[BlackElo "2098"]
[PlyCount "122"]
[EventDate "2016.05.05"]
[EventType "team-tourn"]
[EventRounds "9"]
[EventCountry "EGY"]
[SourceTitle "CBM 172 Extra"]
[Source "ChessBase"]
[SourceDate "2016.06.21"]
[SourceVersion "1"]
[SourceVersionDate "2016.06.21"]
[SourceQuality "1"]
[WhiteTeam "Elsharkia Zagazig"]
[BlackTeam "Hawamdia"]
[WhiteTeamCountry "EGY"]
[BlackTeamCountry "EGY"]

1. e4 e5 2. Nf3 Nc6 3. Bb5 a6 4. Ba4 Nf6 5. 0-0 b5 6. Bb3 Be7 7. Re1 d6 8. c3 0-0 9. d4 exd4 10. cxd4 Bg4 11. Bg5 Bxf3 12. gxf3 Na5 13. Bc2 Nh5 14. Be3 Nc4 15. b3 Nxe3 16. fxe3 Qd7 17. Re2 Qh3 18. Rg2 c5 19. Nd2 cxd4 20. exd4 Bf6 21. e5 dxe5 22. Ne4 exd4 23. Nxf6+ Nxf6 24. Qxd4 Rad8 25. Qf4 Qe6 26. Kh1 Nd5 27. Rag1 g6 28. Qh6 Rd6 29. Rg3 Qf6 30. Rh3 Qg7 31. Qg5 Re8 32. Rhg3 Re5 33. Qd2 Rde6 34. Be4 Nf4 35. Rg4 Nh5 36. Qd8+ Qf8 37. Rd1 Qxd8 38. Rxd8+ Kg7 39. Rg1 Nf6 40. Bd3 Re3 41. Rf1 Re1 42. Kg2 Rxf1 43. Kxf1 Rc6 44. Ke2 Rc5 45. Ra8 Rc6 46. Ke3 Rd6 47. Be4 Nxe4 48. fxe4 Kf6 49. Ra7 g5 50. h3 h5 51. b4 Ke6 52. Rc7 f6 53. Rc1 Kd7 54. h4 Rc6 55. Rd1+ Ke6 56. Rd4 Rc3+ 57. Kd2 Rg3 58. Rd5 gxh4 59. Rxh5 h3 60. Kc2 Re3 61. e5 fxe5 0-1